El desestimiento en el proceso civil

Bibliographic Details
Main Author: Přez Marn̕, Mara̕ ℓngeles
Format: Unknown
Language:Spanish
Published: Barcelona : Bosch, 2005
Subjects:
Online Access:Acceso restringido

MARC

LEADER 00000ny a22000003n 4500
005 20110608120235.0
008 071023s2005 sp s 000 0 spa d
035 |a 1134 
040 |a UCN  |d vLex 
090 |c 577  |d 577 
100 |a Přez Marn̕, Mara̕ ℓngeles 
245 1 3 |a El desestimiento en el proceso civil  |h [Recurso electrn̤ico]  |c Mara̕ ℓngeles Přez Marn̕ 
256 |a Servicio en ln̕ea 
260 |a Barcelona :  |b Bosch,  |c 2005 
300 |a p. ;  |c cm 
506 1 |a Contenido solo disponible en los productos indicados  |d vLex Global  |d vLex Global (Academic Edition, excluding Law Schools)  |d vLex Global (U.S. Academic Edition, Law Schools)  |d vLex Global (U.S. Academic Edition, excluding Law Schools)  |d vLex Global (Academic Edition, Law Schools) 
650 0 7 |a Procesal  |2 Tesauro vLex 
650 0 7 |a Desistimiento  |2 Tesauro vLex 
650 0 7 |a Proceso civil  |2 Tesauro vLex 
740 0 |a vLex Libros (Servicios en ln̕ea) 
856 4 0 |u http://vlex.com/source/proceso-civil-desistimiento-1134  |z Acceso restringido 
942 |c BOOK 
999 0 |a Procedure (Law)  |b Barcelona